| 000 | 00000nam##2200000za#4500 |
| 001 | 9.631225 |
| 003 | CaOODSP |
| 005 | 20210624214229 |
| 007 | cr ||||||||||| |
| 008 | 150407|2003||||xxc|||||o f|0| 0 fre|d |
| 020 | |a0-662-75300-3 |
| 040 | |aCaOODSP|bfre |
| 043 | |an-cn--- |
| 086 | 1 |aCD4-11/2003F-PDF |
| 110 | 1 |aCanada.|bAgence canadienne de développement international. |
| 245 | 10|aÉgalité entre les sexes et aide humanitaire : |h[ressource électronique]|bguide des enjeux |
| 260 | |aGatineau - Québec : |bAgence canadienne de développement international |c2003. |
| 300 | |a29p.|bréférences, tableaux, photographies |
| 500 | |aL’ISBN de l'édition imprimée bilingue à été incorrectement copié dans l’édition électronique. |
| 590 | |a06-10-Supp|b2006-12-15 |
| 691 | 07|aÉgalité des sexes|2gcpds |
| 691 | 07|aAide humanitaire|2gcpds |
| 775 | 08|tGender equality and humanitarian assistance : |w(CaOODSP)9.686762 |
| 856 | 40|ahttp://publications.gc.ca|qPDF|s333 Ko|uhttps://publications.gc.ca/collections/Collection/CD4-11-2003F.pdf |